| 000 | 01001nas a2200325 4500 | ||
|---|---|---|---|
| 001 | BR9206448 | ||
| 003 | BR-BrBNA | ||
| 005 | 20231205092924.0 | ||
| 007 | ta | ||
| 008 | 230509b bl.|||p| |||| 00| 00por d | ||
| 040 |
_aBR-BrBNA _bpor _cBiblioteca Nacional de Agricultura |
||
| 041 | _a(Pt) | ||
| 072 | _aF04; L02 | ||
| 100 | 1 | _aVilela, H. | |
| 100 | 1 | _aNascimento, D. do | |
| 100 | 1 | _aTeixeira Filho, A.G. | |
| 100 | 1 | _aMelo, M.T. | |
| 100 | 1 | _aCarneiro, A.M. | |
| 245 | 1 | _aEfeito de pastagem com leguminosas e de pastagem com nitrogenio mineral sobre o desempenho de novilhos | |
| 650 | _aNOVILHO | ||
| 650 | _aCAPIM COLONIAO | ||
| 650 | _aSIRATRO | ||
| 650 | _aSOJA PERENE | ||
| 650 | _aNITROGENIO | ||
| 650 | _aRENDIMENTO | ||
| 650 | _aENGORDA | ||
| 773 | 0 |
_tArquivos da Escola de Veterinaria da Universidade Federal de Minas Gerais (Brazil) _xISSN 0365-8384 _g(Apr 1982), v. 34(1) p. 167-173 _wBR9206448 |
|
| 909 |
_a202311 _bLúcia _c55 _dLúcia Elande |
||
| 942 |
_2AGRIS _n0 _cANA |
||
| 999 |
_c135133 _d135133 |
||